La crisis persistirá, mientras no cambie el patrón de acumulación /
Guardat en:
| Autor principal: | |
|---|---|
| Format: | Llibre |
| Idioma: | Spanish |
| Etiquetes: |
Afegir etiqueta
Sense etiquetes, Sigues el primer a etiquetar aquest registre!
|
MARC
| LEADER | 00000nam a22000007a 4500 | ||
|---|---|---|---|
| 003 | cru CIDCACS/IIS | ||
| 005 | 20190117144756.0 | ||
| 007 | ta | ||
| 008 | 190117s20092010mx |||p|r||||||0| ||spa|d | ||
| 999 | |c 42063 |d 42063 | ||
| 040 | |c cru CIDCACS/IIS | ||
| 100 | 1 | |9 8227 |a Huerta González, Arturo | |
| 245 | 1 | 3 | |a La crisis persistirá, mientras no cambie el patrón de acumulación / |c Arturo Huerta González |
| 300 | |a páginas 11-17 | ||
| 773 | 0 | |0 42054 |9 2609 |a Centro de Estudios del Movimiento Obrero y Socialista (México) |d México D.F: CEMOS |o 17704 |t Memoria = |x 01861395 | |
| 942 | |2 ddc |c PP | ||
